00337nam a2200097Ia 4500245002200000100005500022942000700077008004100084999001900125952009500144 0aTied up in knots  a SOMMER, Carl Houston, TX, 1997 1st ed 973584 cBK210817s9999 xx 000 0 und d c268910d268909 00104070aKABOLbKABOLd2021-08-19g27.00l0p33228021990096r2021-08-19w2021-08-19yBK